Le Diable s'habille en Prada 2 - Personnages par images - Statistiques

Statistiques générales
  • Ce quiz a été pris 28 fois
    25 depuis la dernière actualisation
  • Le résultat moyen est 7 sur 15
Statistiques - réponses
Par images Réponse % Correct
Andrea « Andy » Sachs
90%
Emily Charlton
90%
Miranda Priestly
90%
Nigel Kipling
80%
Lady Gaga
65%
Lily
55%
Charlie
45%
Amari
40%
Donatella Versace
40%
Sasha Barnes
35%
Benji Barnes
30%
Jay Ravitz
20%
Peter
20%
Jin Chao
15%
Stuart
15%
Aucun quiz correspondant
Distribution des résultats
% des personnes avec chaque résultat
Percentile par nombre de réponses
Votre historique - résultats
Vous n’avez pas pris ce quiz depuis la dernière actualisation